000
00447nam a2200133Ia 4500
008
100328s9999 xx 000 0 und d
082
_b
7939
100
_a
यशवन्त
245
_a
महाराष्ट्र कवि परंपरा
260
_b
एन. के.
630
_a
महाराष्ट्र कवि परंपरा
730
_a
महाराष्ट्र कवि परंपरा
942
_c
BOOK
999
_c
503740
_d
503737